00359nam a2200157Ia 4500008004100000020001500041082001500056100001200071245002000083250000800103260002700111300001200138500002400150650001200174700001500186230524s9999 xx 000 0 und d a8122401252 a539.7bROY aR.R.Roy 0aNuclear Physics a1ST aCHENNAIbNew Agec2004 aXII;591 aQuantity Number: 7 aPhysics a B.P.Nigam